Ḥaqq al-mu'allif. (Record no. 48697)

MARC details
000 -LEADER
fixed length control field 00566cam a22002291 4500
001 - CONTROL NUMBER
control field ne 66000328
003 - CONTROL NUMBER IDENTIFIER
control field DLC
005 - DATE AND TIME OF LATEST TRANSACTION
control field 20260227111820.0
008 - FIXED-LENGTH DATA ELEMENTS--GENERAL INFORMATION
fixed length control field 890804m19581959xx 000 0 ara
010 ## - LIBRARY OF CONGRESS CONTROL NUMBER
LC control number ne 66000328
035 ## - SYSTEM CONTROL NUMBER
System control number (OCoLC)23516507
040 ## - CATALOGING SOURCE
Original cataloging agency DLC
Transcribing agency MiU
Modifying agency DLC
042 ## - AUTHENTICATION CODE
Authentication code premarc
050 00 - LIBRARY OF CONGRESS CALL NUMBER
Classification number KRM1160
Item number .Q23 1958
100 1# - MAIN ENTRY--PERSONAL NAME
Personal name Qāḍī, Muḥammad Mukhtār.
245 10 - TITLE STATEMENT
Title Ḥaqq al-mu'allif.
260 ## - PUBLICATION, DISTRIBUTION, ETC.
Date of publication, distribution, etc. 1958-59
300 ## - PHYSICAL DESCRIPTION
Extent 2 v.
Dimensions 24 cm.
504 ## - BIBLIOGRAPHY, ETC. NOTE
Bibliography, etc. note Bibliography: v. 1, p. [259]-261.
505 1# - FORMATTED CONTENTS NOTE
Formatted contents note #
650 #0 - SUBJECT ADDED ENTRY--TOPICAL TERM
Topical term or geographic name entry element Copyright
Geographic subdivision Egypt.

No items available.

Powered by Koha